UFC QUIZ #1 - Statistics

General Stats
  • This quiz has been taken 598 times
  • The average score is 5 of 8
Answer Stats
Question Answer % Correct
Who is considered as the flyweight goat? Demetrious Johnson
94%
Which fighter isn't african? Vitor Belfort
92%
Who isn't a current UFC champion? Alex Pereira
68%
Who is the tallest UFC fighter of all time? Stefan Struve
68%
Which fighter has the most wins in the UFC? Jim Miller
66%
Which fighter earned the most fight night bonuses? Charles Oliveira
54%
Which brothers didn't exist in the UFC? Umar & Khabib Nurmagomedov
51%
Who has never fought at heavyweight? Glover Teixeira
37%
No matching quizzes found
Score Distribution
Percent of People with Each Score
Percentile by Number Answered
Your Score History
You have not taken this quiz